[Event "HUN-chT 2324"]
[Site "Hungary"]
[Date "2024.02.18"]
[Round "4.5"]
[White "Kassay, Krisztian"]
[Black "Popovics, Adam"]
[Result "0-1"]
[WhiteElo "2137"]
[BlackElo "2373"]
[PlyCount "84"]
[EventDate "2023.10.28"]
[EventType "team-tourn"]
[EventRounds "9"]
[EventCountry "HUN"]
[SourceTitle "CB16_2024"]
[SourceDate "2024.04.17"]
[SourceVersion "1"]
[SourceVersionDate "2024.04.17"]
[SourceQuality "1"]
[WhiteTeam "Tapolca Varos"]
[BlackTeam "Dunaharaszti"]
[WhiteTeamCountry "HUN"]
[BlackTeamCountry "HUN"]

1. e4 e5 2. Nf3 Nc6 3. Bc4 Bc5 4. c3 Nf6 5. d3 d6 6. Bb3 a6 7. Nbd2 Ba7 8. 0-0 0-0 9. Re1 Kh8 10. h3 Ng8 11. Nf1 f5 12. Be3 Bxe3 13. Nxe3 f4 14. Nf1 g5 15. N3h2 Qf6 16. Qh5 Bd7 17. h4 gxh4 18. Nf3 Qg7 19. Qg5 h3 20. Qxg7+ Kxg7 21. gxh3 Rf6 22. Kh2 Rh6 23. h4 Nge7 24. N1d2 Ng6 25. Rg1 Kf6 26. Kg2 Nxh4+ 27. Nxh4 Rxh4 28. Rh1 Rxh1 29. Rxh1 Rh8 30. Nf3 h5 31. Rg1 Na5 32. Bd1 c5 33. Kh2 Be6 34. Nh4 Rg8 35. Rxg8 Bxg8 36. Nf5 Bxa2 37. Nxd6 Bb1 38. b4 cxb4 39. cxb4 Ke6 40. Nf5 Nc6 41. Bxh5 Bxd3 42. f3 Nxb4 0-1

[Event "HUN-ch Rapid"]
[Site "Ajka"]
[Date "2022.07.16"]
[Round "7"]
[White "Tolnai, Tibor"]
[Black "Kassay, Krisztian"]
[Result "0-1"]
[WhiteElo "2433"]
[BlackElo "2157"]
[PlyCount "89"]
[EventDate "2022.07.15"]
[EventType "swiss (rapid)"]
[EventRounds "13"]
[EventCountry "HUN"]
[SourceTitle "CBM 209 Extra"]
[Source "ChessBase"]
[SourceDate "2022.09.30"]
[SourceVersion "1"]
[SourceVersionDate "2022.09.30"]
[SourceQuality "1"]

1. e4 d6 2. d4 Nf6 3. Nc3 Nbd7 4. Be3 e5 5. f3 Be7 6. Qd2 c6 7. 0-0-0 0-0 8. g4 b5 9. Kb1 a5 10. h4 a4 11. Nce2 Qa5 12. Qxa5 Rxa5 13. Ng3 exd4 14. Bxd4 Ne5 15. g5 Ne8 16. Be2 c5 17. Be3 Nc7 18. Bd2 Ra7 19. f4 Nc6 20. Nf3 Bg4 21. Nd4 Nxd4 22. Bxg4 b4 23. Be3 Ncb5 24. Nf5 Nxf5 25. exf5 a3 26. Be2 Nc7 27. Bc4 axb2 28. Rhe1 d5 29. Bxd5 Nxd5 30. Rxd5 Rfa8 31. Bxc5 Bxc5 32. Rxc5 Rxa2 33. Re8+ Rxe8 34. Kxa2 Kf8 35. Rc4 b3+ 36. cxb3 Re2 37. b4 Ke7 38. b5 Kd6 39. Rc6+ Kd7 40. f6 g6 41. Rc4 Re6 42. Kxb2 Rb6 43. Rc5 Kd6 44. Re5 Rb7 45. Kb3 0-1

[Event "HUN-ch Rapid"]
[Site "Ajka"]
[Date "2022.07.15"]
[Round "2"]
[White "Kassay, Krisztian"]
[Black "Kantor, Gergely"]
[Result "0-1"]
[WhiteElo "2157"]
[BlackElo "2582"]
[PlyCount "80"]
[EventDate "2022.07.15"]
[EventType "swiss (rapid)"]
[EventRounds "13"]
[EventCountry "HUN"]
[SourceTitle "CBM 209 Extra"]
[Source "ChessBase"]
[SourceDate "2022.09.30"]
[SourceVersion "1"]
[SourceVersionDate "2022.09.30"]
[SourceQuality "1"]

1. d4 Nf6 2. Bf4 d5 3. e3 c5 4. c3 Nc6 5. Nf3 Qb6 6. Qb3 c4 7. Qc2 Bf5 8. Qc1 Nh5 9. Bg3 Nxg3 10. hxg3 g6 11. Nbd2 Rc8 12. Be2 Bg7 13. Nh4 Bd7 14. e4 Nxd4 15. cxd4 Bxd4 16. 0-0 Bxb2 17. Qc2 Bxa1 18. Rxa1 e6 19. exd5 exd5 20. Rb1 Qc6 21. Ndf3 0-0 22. Nd4 Qc7 23. Qd2 Rfe8 24. Qh6 Re5 25. f4 Re4 26. Nhf3 f6 27. f5 Bxf5 28. Nxf5 gxf5 29. Qxf6 Rxe2 30. Qxf5 Qc5+ 31. Kh2 Re7 32. Qg4+ Rg7 33. Qe6+ Kh8 34. Ne5 Qf8 35. Qxd5 Qf2 36. g4 c3 37. Rxb7 Rxb7 38. Qxb7 Qh4+ 39. Kg1 Qe1+ 40. Kh2 Qxe5+ 0-1

[Event "HUN-ch rapid"]
[Site "Ajka"]
[Date "2019.07.19"]
[Round "2"]
[White "Horvath, Adam"]
[Black "Kassay, Krisztian"]
[Result "1-0"]
[WhiteElo "2517"]
[BlackElo "2174"]
[PlyCount "83"]
[EventDate "2019.07.19"]
[EventType "swiss (rapid)"]
[EventRounds "13"]
[EventCountry "HUN"]
[SourceTitle "CBM 191 Extra"]
[Source "ChessBase"]
[SourceDate "2019.09.30"]
[SourceVersion "1"]
[SourceVersionDate "2019.09.30"]
[SourceQuality "1"]

1. e4 d6 2. d4 Nf6 3. Nc3 Nbd7 4. Nf3 e5 5. Bc4 Be7 6. a4 0-0 7. 0-0 c6 8. Re1 a5 9. h3 Qc7 10. Bd3 Re8 11. b3 Nf8 12. Bb2 Ng6 13. Ne2 Bf8 14. Ng3 Bd7 15. Qd2 Rad8 16. Rad1 exd4 17. Bxd4 Ne5 18. Be2 c5 19. Bc3 b6 20. Nh4 Bc6 21. f4 Ng6 22. Nxg6 hxg6 23. Bf3 Qb7 24. Bxf6 gxf6 25. c4 Bg7 26. Rf1 Qe7 27. Rde1 Bh6 28. Re2 Qb7 29. Bg4 Bxe4 30. Rfe1 f5 31. Bxf5 gxf5 32. Nxf5 Bxf5 33. Rxe8+ Rxe8 34. Rxe8+ Kh7 35. Qxd6 Qd7 36. Qxd7 Bxd7 37. Re7 Be6 38. g3 Kg7 39. Rb7 Bxh3 40. Rxb6 Bf5 41. Kf2 Kf8 42. Rxh6 1-0

[Event "HUN-chT2 Barcza 1819"]
[Site "Hungary"]
[Date "2019.04.28"]
[Round "11.5"]
[White "Toth, Tibor3333"]
[Black "Kassay, Krisztian"]
[Result "1/2-1/2"]
[WhiteElo "1877"]
[BlackElo "2187"]
[PlyCount "57"]
[EventDate "2018.09.23"]
[EventType "team-tourn"]
[EventRounds "11"]
[EventCountry "HUN"]
[SourceTitle "EXT 2021"]
[Source "ChessBase"]
[SourceDate "2020.10.23"]
[SourceVersion "1"]
[SourceVersionDate "2020.10.23"]
[SourceQuality "1"]
[WhiteTeam "Nyiregyhaza"]
[BlackTeam "Miskolc Kisbocsok"]
[WhiteTeamCountry "HUN"]
[BlackTeamCountry "HUN"]

1. e4 d6 2. d4 Nf6 3. Nc3 Nbd7 4. Nf3 e5 5. Bc4 Be7 6. Ng5 0-0 7. Bxf7+ Rxf7 8. Ne6 Qe8 9. Nxc7 Qf8 10. Nxa8 exd4 11. Qxd4 Ne5 12. Qxa7 d5 13. Be3 Nc6 14. Qa4 d4 15. Bxd4 Nxd4 16. Qxd4 Bc5 17. Qc4 b5 18. Qxb5 Ra7 19. Nb6 Bxf2+ 20. Kxf2 Ba6 21. Qb3+ Kh8 22. Ke1 Ng4 23. Nd1 Rf7 24. Nd5 Nf2 25. Nxf2 Rxf2 26. Qa3 Rf1+ 27. Rxf1 Qxf1+ 28. Kd2 Qe2+ 29. Kc3 1/2-1/2

[Event "HUN-chT2 Barcza 1819"]
[Site "Hungary"]
[Date "2019.03.10"]
[Round "9.5"]
[White "Kovacs, Marton"]
[Black "Kassay, Krisztian"]
[Result "1/2-1/2"]
[WhiteElo "2115"]
[BlackElo "2187"]
[PlyCount "87"]
[EventDate "2018.09.23"]
[EventType "team-tourn"]
[EventRounds "11"]
[EventCountry "HUN"]
[SourceTitle "EXT 2021"]
[Source "ChessBase"]
[SourceDate "2020.10.23"]
[SourceVersion "1"]
[SourceVersionDate "2020.10.23"]
[SourceQuality "1"]
[WhiteTeam "Hajduboszormeny"]
[BlackTeam "Miskolc Kisbocsok"]
[WhiteTeamCountry "HUN"]
[BlackTeamCountry "HUN"]

1. d4 Nf6 2. Bf4 e6 3. Nf3 b6 4. e3 Bb7 5. h3 c5 6. Bd3 Be7 7. Qe2 d6 8. c3 cxd4 9. cxd4 Nc6 10. Nc3 a6 11. a3 b5 12. 0-0 0-0 13. b4 Rc8 14. Rac1 Qb6 15. Bb1 Rfd8 16. Qd3 Nb8 17. d5 exd5 18. Ba2 Nbd7 19. Nxd5 Nxd5 20. Bxd5 Bxd5 21. Qxd5 Nf6 22. Qf5 Rc4 23. Rc2 Qc7 24. Rfc1 Rc8 25. Nd4 Qd7 26. Qd3 d5 27. Nf5 Bf8 28. Nd4 g6 29. Nb3 Bd6 30. Bxd6 Qxd6 31. Nc5 Qc6 32. Rd1 Ne4 33. Rxc4 bxc4 34. Qxd5 Nxc5 35. Qxc6 Rxc6 36. bxc5 Rxc5 37. Kf1 Kf8 38. Ke2 Ke7 39. Rd4 Ra5 40. Rxc4 Rxa3 41. Rc7+ Ke6 42. Kf3 a5 43. Ra7 a4 44. Ke4 1/2-1/2

[Event "HUN-chT2 Barcza 1819"]
[Site "Hungary"]
[Date "2019.02.24"]
[Round "8.4"]
[White "Burinda, Gabor Jr"]
[Black "Kassay, Krisztian"]
[Result "1/2-1/2"]
[WhiteElo "1918"]
[BlackElo "2187"]
[PlyCount "61"]
[EventDate "2018.09.23"]
[EventType "team-tourn"]
[EventRounds "11"]
[EventCountry "HUN"]
[SourceTitle "CBM 189 Extra"]
[Source "ChessBase"]
[SourceDate "2019.06.03"]
[SourceVersion "1"]
[SourceVersionDate "2019.06.03"]
[SourceQuality "1"]
[WhiteTeam "Kazincbarcika"]
[BlackTeam "Miskolc Kisbocsok"]
[WhiteTeamCountry "HUN"]
[BlackTeamCountry "HUN"]

1. d4 Nf6 2. Nf3 e6 3. Bf4 c5 4. e3 cxd4 5. exd4 b6 6. Bd3 Bb7 7. 0-0 Be7 8. Nbd2 0-0 9. Qe2 d6 10. c3 Nbd7 11. Ne4 Qc7 12. h3 Rfe8 13. Rfe1 Nf8 14. Nxf6+ Bxf6 15. Ng5 Ng6 16. Bd2 e5 17. Qh5 Bxg5 18. Qxg5 a6 19. Be4 exd4 20. Bxb7 Qxb7 21. cxd4 h6 22. Qg3 Qd5 23. Bc3 Rac8 24. a3 Ne7 25. Qd3 Nf5 26. Rxe8+ Rxe8 27. Re1 Rxe1+ 28. Bxe1 b5 29. Bc3 g6 30. f3 Kf8 31. Kf2 1/2-1/2

[Event "HUN-chT2 Barcza 1819"]
[Site "Hungary"]
[Date "2018.12.02"]
[Round "5.5"]
[White "Forgacs, Jozsef"]
[Black "Kassay, Krisztian"]
[Result "1/2-1/2"]
[WhiteElo "2197"]
[BlackElo "2187"]
[PlyCount "42"]
[EventDate "2018.09.23"]
[EventType "team-tourn"]
[EventRounds "11"]
[EventCountry "HUN"]
[SourceTitle "CBM 189 Extra"]
[Source "ChessBase"]
[SourceDate "2019.06.03"]
[SourceVersion "1"]
[SourceVersionDate "2019.06.03"]
[SourceQuality "1"]
[WhiteTeam "Nyiregyhaza SISE"]
[BlackTeam "Miskolc Kisbocsok"]
[WhiteTeamCountry "HUN"]
[BlackTeamCountry "HUN"]

1. d4 Nf6 2. c4 e6 3. Nf3 b6 4. e3 Bb7 5. Bd3 c5 6. 0-0 cxd4 7. exd4 Be7 8. Nc3 d6 9. Qe2 0-0 10. b3 Nbd7 11. Rd1 Rc8 12. Ng5 Re8 13. f4 d5 14. Nf3 dxc4 15. bxc4 Nf8 16. Kh1 Qc7 17. Ne5 Ng6 18. Be3 Qb8 19. Rac1 Qa8 20. Rg1 Bb4 21. Qf2 Red8 1/2-1/2

[Event "HUN-chT2 Maroczy 1718"]
[Site "Hungary"]
[Date "2018.05.06"]
[Round "9.4"]
[White "Farago, Sandor"]
[Black "Kassay, Krisztian"]
[Result "1/2-1/2"]
[WhiteElo "2221"]
[BlackElo "2162"]
[PlyCount "142"]
[EventDate "2017.10.29"]
[EventType "team-tourn"]
[EventRounds "9"]
[EventCountry "HUN"]
[SourceTitle "EXT 2021"]
[Source "ChessBase"]
[SourceDate "2020.10.23"]
[SourceVersion "1"]
[SourceVersionDate "2020.10.23"]
[SourceQuality "1"]
[WhiteTeam "Taban Spartacus"]
[BlackTeam "Miskolc KisBocsok"]
[WhiteTeamCountry "HUN"]
[BlackTeamCountry "HUN"]

1. e4 c5 2. Nf3 d6 3. d4 cxd4 4. Nxd4 Nf6 5. Nc3 a6 6. Bg5 e6 7. Qd2 Be7 8. Be2 Nc6 9. 0-0-0 Qc7 10. f4 Bd7 11. Nb3 b5 12. Bf3 Rc8 13. Rhe1 Na5 14. e5 Nc4 15. Qd4 dxe5 16. fxe5 Nd5 17. Bxe7 Nxe7 18. Nc5 Nb6 19. N5e4 Nf5 20. Qb4 Nc4 21. g4 Nh4 22. Be2 a5 23. Nd6+ Nxd6 24. Qxd6 b4 25. Qxc7 Rxc7 26. Nb5 Bxb5 27. Bxb5+ Ke7 28. Rd3 Rd8 29. Rh3 g5 30. a3 Rd5 31. Bf1 Rcc5 32. axb4 axb4 33. Rb3 Rxe5 34. Rd1 Re4 35. h3 Ng6 36. Bd3 Rf4 37. c3 bxc3 38. bxc3 Rf3 39. Bxg6 hxg6 40. Kb2 f5 41. Re1 Kf6 42. Rb6 Re5 43. Rc1 Rxh3 44. c4 Re2+ 45. Kb1 Ra3 46. c5 Rea2 47. Rc4 Ra4 48. Rc3 R2a3 49. Kb2 Rxc3 50. Kxc3 fxg4 51. c6 Ra8 52. Kd4 g3 53. Rb3 e5+ 54. Kd5 Rd8+ 55. Kc5 Kf5 56. Rxg3 Kf4 57. Rg1 g4 58. c7 Rc8 59. Kd6 e4 60. Rf1+ Ke3 61. Rf6 g3 62. Rxg6 Kf2 63. Rf6+ Ke3 64. Rg6 Kf4 65. Rf6+ Kg5 66. Rf7 Kg4 67. Re7 Kf3 68. Rf7+ Ke3 69. Rg7 Kf2 70. Rf7+ Ke2 71. Rg7 Kf2 1/2-1/2

[Event "HUN-chT2 Maroczy 1718"]
[Site "Hungary"]
[Date "2018.03.04"]
[Round "7.3"]
[White "Kassay, Krisztian"]
[Black "Peczely, Sebastian Zsombor"]
[Result "0-1"]
[WhiteElo "2207"]
[BlackElo "2239"]
[PlyCount "70"]
[EventDate "2017.10.29"]
[EventType "team-tourn"]
[EventRounds "9"]
[EventCountry "HUN"]
[SourceTitle "EXT 2021"]
[Source "ChessBase"]
[SourceDate "2020.10.23"]
[SourceVersion "1"]
[SourceVersionDate "2020.10.23"]
[SourceQuality "1"]
[WhiteTeam "Miskolc KisBocsok"]
[BlackTeam "Szeged Maroczy"]
[WhiteTeamCountry "HUN"]
[BlackTeamCountry "HUN"]

1. e4 e5 2. Nf3 Nc6 3. Bc4 Bc5 4. c3 d6 5. d3 h6 6. Nbd2 Nge7 7. Bb3 0-0 8. Nf1 Kh8 9. Be3 Bb6 10. Qd2 Bxe3 11. Nxe3 f5 12. 0-0-0 a5 13. a4 fxe4 14. dxe4 Ng6 15. h4 Nf4 16. Ng5 Qf6 17. g3 Ne6 18. Nd5 Nc5 19. Bc4 Qd8 20. Qe2 Bd7 21. f4 Nxa4 22. f5 Ne7 23. Ne3 Qe8 24. Be6 Nc5 25. Bxd7 Qxd7 26. Qc4 Qe8 27. Ng4 b5 28. Qe2 b4 29. f6 gxf6 30. Nxh6 fxg5 31. hxg5 Kg7 32. Qh2 Qg6 33. Qh4 Qxe4 34. Nf5+ Qxf5 35. Qh6+ Kg8 0-1

[Event "Budapest-chT1 Lilienthal 1718"]
[Site "Budapest"]
[Date "2018.02.25"]
[Round "10"]
[White "Tornai, Imre"]
[Black "Kassay, Krisztian"]
[Result "1-0"]
[WhiteElo "2083"]
[BlackElo "2170"]
[PlyCount "62"]
[EventDate "2017.10.01"]
[EventType "team-tourn"]
[EventRounds "13"]
[EventCountry "HUN"]
[SourceTitle "EXT 2021"]
[Source "ChessBase"]
[SourceDate "2020.10.23"]
[SourceVersion "1"]
[SourceVersionDate "2020.10.23"]
[SourceQuality "1"]
[WhiteTeam "Budapest Ujpest KSE"]
[BlackTeam "Csepel"]
[WhiteTeamCountry "HUN"]
[BlackTeamCountry "HUN"]

1. e4 c5 2. Nf3 d6 3. d4 cxd4 4. Nxd4 Nf6 5. Nc3 a6 6. Bc4 e6 7. Be3 Be7 8. Qe2 Qc7 9. 0-0-0 Nc6 10. f4 Nxd4 11. Rxd4 b5 12. Bb3 0-0 13. a3 Bd7 14. Bf2 Rfb8 15. e5 Ne8 16. Rhd1 Bc6 17. f5 dxe5 18. fxe6 exd4 19. exf7+ Kh8 20. Bg3 Nd6 21. Rxd4 Rf8 22. Be5 Qd7 23. Be6 Bg5+ 24. Kb1 Qe7 25. Rxd6 b4 26. axb4 Bb5 27. Qe4 Qa7 28. Bd4 Qc7 29. Bc5 Be7 30. Nd5 Qb7 31. Rb6 Qxb6 1-0

[Event "HUN-chT2 Maroczy 1718"]
[Site "Hungary"]
[Date "2017.12.17"]
[Round "4.4"]
[White "Kassay, Krisztian"]
[Black "Soos, Arpad"]
[Result "0-1"]
[WhiteElo "2198"]
[BlackElo "2365"]
[PlyCount "100"]
[EventDate "2017.10.29"]
[EventType "team-tourn"]
[EventRounds "9"]
[EventCountry "HUN"]
[SourceTitle "EXT 2021"]
[Source "ChessBase"]
[SourceDate "2020.10.23"]
[SourceVersion "1"]
[SourceVersionDate "2020.10.23"]
[SourceQuality "1"]
[WhiteTeam "Miskolc KisBocsok"]
[BlackTeam "Toth Laszlo"]
[WhiteTeamCountry "HUN"]
[BlackTeamCountry "HUN"]

1. e4 c5 2. Nf3 d6 3. d4 cxd4 4. Nxd4 Nf6 5. Nc3 Nc6 6. Bg5 e6 7. Qd2 Be7 8. f4 h6 9. Bxf6 Bxf6 10. Ndb5 0-0 11. 0-0-0 Qa5 12. g4 a6 13. Nxd6 Rd8 14. Kb1 e5 15. Qd5 Qxd5 16. exd5 Rxd6 17. dxc6 Rxd1+ 18. Nxd1 exf4 19. Bg2 bxc6 20. Bxc6 Ra7 21. Nf2 Re7 22. Ne4 Bd4 23. Rd1 Bb6 24. h3 f3 25. c4 h5 26. c5 Bc7 27. Nd6 f2 28. Bg2 Re1 29. Kc2 Be6 30. Ne4 Bxa2 31. Nxf2 Re2+ 32. Rd2 Bb3+ 33. Kd3 Bc4+ 34. Kc2 Re3 35. Bd5 Bb5 36. Ne4 Ba5 37. Rd4 Rxh3 38. Bxf7+ Kf8 39. Be6 Rh2+ 40. Nd2 Ke7 41. Bc8 h4 42. b4 Bc7 43. Bb7 h3 44. Re4+ Kf6 45. Kc3 Rf2 46. g5+ Kg6 47. Re7 Bf4 48. Be4+ Kh5 49. Nb3 Bxg5 50. Rxg7 Bf6+ 0-1

[Event "HUN-chT U18"]
[Site "Hajduboszormeny"]
[Date "2016.11.04"]
[Round "5.1"]
[White "Kassay, Krisztian"]
[Black "Kantor, Gergely"]
[Result "0-1"]
[WhiteElo "2119"]
[BlackElo "2425"]
[PlyCount "56"]
[EventDate "2016.11.02"]
[EventType "team-swiss"]
[EventRounds "8"]
[EventCountry "HUN"]
[SourceTitle "CBM 175 Extra"]
[Source "ChessBase"]
[SourceDate "2016.12.12"]
[SourceVersion "1"]
[SourceVersionDate "2016.12.12"]
[SourceQuality "1"]

1. e4 e5 2. Nf3 Nc6 3. Bc4 Bc5 4. c3 Nf6 5. d3 0-0 6. Bb3 d5 7. Qe2 a5 8. Nbd2 a4 9. Bc2 Re8 10. 0-0 Be6 11. exd5 Nxd5 12. Ne4 Bb6 13. Re1 f5 14. Neg5 Bd7 15. d4 e4 16. Qc4 Ra5 17. b4 axb3 18. Bxb3 Nce7 19. Ne5 Bb5 20. Qb4 Nc6 21. Nxc6 bxc6 22. Bxd5+ cxd5 23. Bf4 h6 24. Nh3 g5 25. Be5 Qd7 26. Qb3 f4 27. Qd1 f3 28. Qd2 Rxe5 0-1

[Event "HUN-chT2 Barcza 1516"]
[Site "Hungary"]
[Date "2016.04.03"]
[Round "10.5"]
[White "Mizik, Zsolt"]
[Black "Kassay, Krisztian"]
[Result "0-1"]
[WhiteElo "2000"]
[BlackElo "2134"]
[PlyCount "102"]
[EventDate "2015.09.13"]
[EventType "team-tourn"]
[EventRounds "11"]
[EventCountry "HUN"]
[SourceTitle "EXT 2017"]
[Source "ChessBase"]
[SourceDate "2016.10.25"]
[SourceVersion "1"]
[SourceVersionDate "2016.10.25"]
[SourceQuality "1"]
[WhiteTeam "Tiszavasvar"]
[BlackTeam "Miskolc KisBocsok"]
[WhiteTeamCountry "HUN"]
[BlackTeamCountry "HUN"]

1. e4 c5 2. Nc3 e6 3. d3 d6 4. g3 Nf6 5. Bg2 Be7 6. Nge2 Nbd7 7. 0-0 Rb8 8. a4 b6 9. d4 Bb7 10. d5 exd5 11. Nxd5 Nxd5 12. exd5 0-0 13. c4 Ne5 14. Qc2 Ba6 15. b3 Bf6 16. Nc3 Bc8 17. Bb2 a6 18. h3 Ng6 19. Rae1 h5 20. f4 h4 21. g4 Bd4+ 22. Kh1 f5 23. g5 Bd7 24. Nd1 Bxb2 25. Nxb2 Re8 26. Nd3 b5 27. axb5 axb5 28. Bf3 Rxe1 29. Rxe1 bxc4 30. bxc4 Qa5 31. Re2 Qa1+ 32. Re1 Qa5 33. Re2 Qa1+ 34. Re1 Qd4 35. Bh5 Nxf4 36. Nxf4 Qxf4 37. Re7 Qf1+ 38. Kh2 Ba4 39. Rxg7+ Kxg7 40. Qc3+ Kg8 41. Bf7+ Kxf7 42. Qf6+ Ke8 43. Qh8+ Ke7 44. Qxb8 Qf2+ 45. Kh1 Qf3+ 46. Kg1 Qg3+ 47. Kf1 Qxh3+ 48. Ke2 Qg4+ 49. Kd3 Qd1+ 50. Ke3 Qd4+ 51. Kf3 Bd1+ 0-1

[Event "HUN-chT U18"]
[Site "Budapest"]
[Date "2015.08.27"]
[Round "3.8"]
[White "Kassay, Krisztian"]
[Black "Grimm, Gyorgy"]
[Result "1/2-1/2"]
[WhiteElo "2153"]
[BlackElo "2181"]
[PlyCount "41"]
[EventDate "2015.08.26"]
[EventType "team-swiss"]
[EventRounds "8"]
[EventCountry "HUN"]
[SourceTitle "EXT 2016"]
[Source "ChessBase"]
[SourceDate "2015.10.08"]
[SourceVersion "1"]
[SourceVersionDate "2015.10.08"]
[SourceQuality "1"]

1. e4 d5 2. exd5 Qxd5 3. Nc3 Qd6 4. d4 Nf6 5. Bc4 c6 6. Nge2 Bf5 7. Bf4 Qd8 8. Ng3 Bg6 9. h4 h5 10. Qd2 e6 11. Bg5 Be7 12. 0-0-0 Nbd7 13. f4 Nb6 14. Be2 Qc7 15. Bd3 Bxd3 16. Qxd3 g6 17. Kb1 0-0-0 18. Nce4 Ng4 19. Bxe7 Qxe7 20. Rhf1 Nd5 21. Rde1 1/2-1/2

[Event "HUN-ch U18"]
[Site "Balatonlelle"]
[Date "2015.06.24"]
[Round "7"]
[White "Kassay, Krisztian"]
[Black "Juhasz, Armin"]
[Result "1/2-1/2"]
[WhiteElo "2123"]
[BlackElo "2301"]
[PlyCount "32"]
[EventDate "2015.06.18"]
[EventType "swiss"]
[EventRounds "7"]
[EventCountry "HUN"]
[SourceTitle "CBM 167 Extra"]
[Source "ChessBase"]
[SourceDate "2015.09.14"]
[SourceVersion "1"]
[SourceVersionDate "2015.09.14"]
[SourceQuality "1"]

1. e4 e6 2. d4 d5 3. Nc3 Nf6 4. e5 Nfd7 5. f4 c5 6. Nf3 Nc6 7. Be3 Be7 8. Be2 0-0 9. 0-0 b6 10. Kh1 f5 11. exf6 Nxf6 12. Ne5 Qc7 13. Rf3 Bb7 14. Rh3 a6 15. Bd3 g6 16. Qf3 Nxe5 1/2-1/2